[Event "FIDE Open World Blitz 2021"]
[Site "Warsaw"]
[Date "2021.12.29"]
[Round "5.29"]
[White "Suleymanli, Aydin"]
[Black "Wieczorek, Oskar"]
[Result "1-0"]
[WhiteElo "2541"]
[BlackElo "2258"]
[Annotator "ChessBase"]
[PlyCount "61"]
[EventDate "2021.12.29"]
[EventType "swiss"]
[EventCountry "POL"]
[Tiebreak "Cut1 Buchholz"]
[SourceTitle "playchess.com"]
[Source "ChessBase"]
[SourceQuality "1"]

1. d4 Nf6 2. c4 c5 3. d5 g6 4. Nc3 Bg7 5. e4 d6 6. f4 O-O 7. Nf3 e6 8. Be2 exd5
9. cxd5 Nbd7 10. O-O Re8 11. Nd2 c4 12. e5 dxe5 13. Nxc4 Nb6 14. fxe5 Nfxd5 15.
Nd6 Nxc3 16. bxc3 Rxe5 17. Nxf7 Qxd1 18. Bxd1 Rf5 19. Nh6+ Bxh6 20. Rxf5 Bxf5
21. Bxh6 Be6 22. Bf3 Bd5 23. Bg4 Re8 24. a4 Nc4 25. Rd1 Bf7 26. Rd4 Ne3 27. Bd7
Re5 28. Bb5 Nf5 29. Rd8+ Be8 30. Bf4 Re1+ 31. Kf2 1-0

[Event "FIDE Open World Blitz 2021"]
[Site "Warsaw"]
[Date "2021.12.29"]
[Round "5.30"]
[White "Amin, Bassem"]
[Black "Riazantsev, Alexander"]
[Result "1-0"]
[WhiteElo "2617"]
[BlackElo "2634"]
[Annotator "ChessBase"]
[PlyCount "84"]
[EventDate "2021.12.29"]
[EventType "swiss"]
[EventCountry "POL"]
[Tiebreak "Cut1 Buchholz"]
[SourceTitle "playchess.com"]
[Source "ChessBase"]
[SourceQuality "1"]

1. Nf3 d5 2. g3 Nd7 3. Bg2 e5 4. d3 Ngf6 5. O-O c6 6. e4 Bd6 7. exd5 cxd5 8. c4
d4 9. b4 Bxb4 10. Nxe5 O-O 11. Nxd7 Nxd7 12. Na3 Nc5 13. Rb1 a5 14. Nb5 Bf5 15.
a3 Bc3 16. Nxc3 dxc3 17. Rb5 c2 18. Qd2 Bxd3 19. Rxc5 Bxf1 20. Kxf1 Qxd2 21.
Bxd2 Rac8 22. Rxc8 Rxc8 23. Bd5 b5 24. Ke2 bxc4 25. Be4 Re8 26. Kf3 f5 27. Bxc2
c3 28. Bxc3 g6 29. Bxa5 Kf7 30. Bb4 Rb8 31. h4 Kf6 32. Ke3 h6 33. Bd3 g5 34.
hxg5+ hxg5 35. Kd4 Rd8+ 36. Kc4 Rc8+ 37. Bc5 Ke5 38. a4 Ra8 39. Kb4 Rd8 40. Bc4
Rb8+ 41. Bb5 Kd5 42. Be3 Rg8 1-0

[Event "FIDE Open World Blitz 2021"]
[Site "Warsaw"]
[Date "2021.12.29"]
[Round "5.30"]
[White "Elier, Ali"]
[Black "Bellahcene, Bilel"]
[Result "1-0"]
[WhiteElo "2194"]
[BlackElo "2528"]
[Annotator "ChessBase"]
[PlyCount "95"]
[EventDate "2021.12.29"]
[EventType "swiss"]
[EventCountry "POL"]
[Tiebreak "Cut1 Buchholz"]
[SourceTitle "playchess.com"]
[Source "ChessBase"]
[SourceQuality "1"]

1. e4 c5 2. d4 cxd4 3. c3 dxc3 4. Nxc3 e6 5. Nf3 Nc6 6. Bc4 Bb4 7. O-O Nge7 8.
Bg5 O-O 9. Bb3 h6 10. Be3 Bxc3 11. bxc3 d5 12. Qc2 Qc7 13. Rad1 Rd8 14. Bc1 Na5
15. Ba3 Nxb3 16. axb3 Ng6 17. Rfe1 b6 18. exd5 exd5 19. Qd3 Bg4 20. h3 Nf4 21.
Qe3 Bxf3 22. Qxf3 Rac8 23. Re7 Rd7 24. Rxd7 Qxd7 25. Qxf4 Rxc3 26. Qb4 Rc2 27.
Qd4 Qf5 28. Bb2 f6 29. Bc1 Qe4 30. Be3 Qxd4 31. Rxd4 Rb2 32. Ra4 Rxb3 33. Rxa7
b5 34. Rd7 Rd3 35. Rb7 Rb3 36. Kf1 Kh7 37. Ke2 Kg6 38. Rd7 Rb2+ 39. Kf3 b4 40.
Rxd5 b3 41. Rb5 Rb1 42. h4 h5 43. Kg3 Kf7 44. Kf3 Kg6 45. Ke2 Kf7 46. g3 Kg6
47. Kd2 Kf7 48. Kc3 1-0

[Event "FIDE Open World Blitz 2021"]
[Site "Warsaw"]
[Date "2021.12.29"]
[Round "5.31"]
[White "Shoker, Samy"]
[Black "Movsesian, Sergei"]
[Result "0-1"]
[WhiteElo "2504"]
[BlackElo "2615"]
[Annotator "ChessBase"]
[PlyCount "141"]
[EventDate "2021.12.29"]
[EventType "swiss"]
[EventCountry "POL"]
[Tiebreak "Cut1 Buchholz"]
[SourceTitle "playchess.com"]
[Source "ChessBase"]
[SourceQuality "1"]

1. Nf3 d5 2. g3 c6 3. Bg2 Bg4 4. b3 Nd7 5. Bb2 Ngf6 6. c4 e6 7. O-O Be7 8. d3
O-O 9. Nbd2 a5 10. a3 Bh5 11. Bc3 Qb6 12. Ra2 Bc5 13. Qa1 Rfe8 14. b4 Bf8 15.
bxa5 Qc7 16. Rc1 c5 17. e3 Ra7 18. Rb2 Bg6 19. Bf1 h6 20. Rb5 e5 21. cxd5 Nxd5
22. Bb2 Rxa5 23. Rxa5 Qxa5 24. Nc4 Qc7 25. Nfxe5 Bh7 26. Nxd7 Qxd7 27. d4 cxd4
28. Bxd4 Be4 29. Ne5 Qe6 30. Bb5 Ra8 31. a4 f6 32. Nc4 Qh3 33. f3 Bxf3 34. Qb2
Rc8 35. Qf2 Be4 36. Rd1 Qg4 37. Re1 Bb4 38. Ra1 Kh8 39. h4 Bc3 40. Rf1 Bxd4 41.
exd4 Rd8 42. Kh2 Nc3 43. Ne3 Qe6 44. Bc4 Qd6 45. Qf4 Qxd4 46. Rf2 Bc6 47. Qxd4
Rxd4 48. a5 Nd1 49. Nxd1 Rxd1 50. Rf1 Rd4 51. Rf4 Rd2+ 52. Kg1 Rg2+ 53. Kf1
Rxg3 54. Ke2 Ra3 55. Rd4 h5 56. Rd8+ Kh7 57. Bd3+ g6 58. Ra8 f5 59. Ra7 Kh6 60.
Kd2 Ra4 61. Ra8 Rxh4 62. Rc8 Kg5 63. Kc3 Rh2 64. Rg8 Bf3 65. Bc4 h4 66. Bf7 Rg2
67. Bc4 Kf6 68. Rh8 h3 69. Bf1 h2 70. Bc4 Rf2 71. Kd4 0-1

[Event "FIDE Open World Blitz 2021"]
[Site "Warsaw"]
[Date "2021.12.29"]
[Round "5.31"]
[White "Laith, Kasib"]
[Black "Costachi, Mihnea"]
[Result "0-1"]
[WhiteElo "2010"]
[BlackElo "2463"]
[Annotator "ChessBase"]
[PlyCount "40"]
[EventDate "2021.12.29"]
[EventType "swiss"]
[EventCountry "POL"]
[Tiebreak "Cut1 Buchholz"]
[SourceTitle "playchess.com"]
[Source "ChessBase"]
[SourceQuality "1"]

1. Nf3 Nf6 2. g3 g6 3. Bg2 Bg7 4. O-O O-O 5. d3 d5 6. Nbd2 b6 7. e4 dxe4 8.
dxe4 Bb7 9. e5 Ne4 10. Ng5 Nxd2 11. Bxb7 Nxf1 12. Qxd8 Rxd8 13. Bxa8 Rd1 14.
Bf3 Re1 15. Kg2 Nd2 16. Bd5 e6 17. Nf3 Nxf3 18. Bxf3 Nd7 19. a4 Nxe5 20. c3 Nd3
0-1

[Event "FIDE Open World Blitz 2021"]
[Site "Warsaw"]
[Date "2021.12.29"]
[Round "5.32"]
[White "Van Foreest, Lucas"]
[Black "Harikrishna, Pentala"]
[Result "0-1"]
[WhiteElo "2532"]
[BlackElo "2614"]
[Annotator "ChessBase"]
[PlyCount "114"]
[EventDate "2021.12.29"]
[EventType "swiss"]
[EventCountry "POL"]
[Tiebreak "Cut1 Buchholz"]
[SourceTitle "playchess.com"]
[Source "ChessBase"]
[SourceQuality "1"]

1. e4 e6 2. d4 d5 3. Nd2 c5 4. Ngf3 Nc6 5. exd5 exd5 6. Bb5 cxd4 7. O-O Bd6 8.
Nb3 Nge7 9. Nbxd4 O-O 10. h3 h6 11. c3 Bc7 12. Re1 Qd6 13. Bf1 Nxd4 14. cxd4
Nc6 15. Ne5 Qf6 16. Nxc6 Qxc6 17. Bd2 Bf5 18. Rc1 Qd6 19. g3 Qd7 20. Bg2 Rfe8
21. Rxe8+ Rxe8 22. h4 Bb6 23. Be3 Be4 24. Bxe4 Rxe4 25. Qc2 Bxd4 26. Bxd4 Rxd4
27. Qc8+ Qxc8 28. Rxc8+ Kh7 29. Rc7 Rb4 30. b3 Kg6 31. Kf1 h5 32. Ke2 Kf6 33.
Kd3 Ke6 34. Kc3 a5 35. Rc5 b6 36. Rc7 g6 37. Rb7 f6 38. a3 d4+ 39. Kb2 Rb5 40.
b4 d3 41. Kc3 axb4+ 42. axb4 d2 43. Kxd2 Rxb4 44. Kd3 Kf5 45. Ke3 Rb3+ 46. Ke2
b5 47. Rb6 g5 48. hxg5 fxg5 49. Kf1 h4 50. gxh4 gxh4 51. Kg2 b4 52. Rh6 h3+ 53.
Kh2 Rf3 54. Kg1 b3 55. Rb6 Ke5 56. Rb7 Kd4 57. Kf1 Ke5 0-1

[Event "FIDE Open World Blitz 2021"]
[Site "Warsaw"]
[Date "2021.12.29"]
[Round "5.32"]
[White "Murzin, Volodar"]
[Black "Yunusov, Mukhammad"]
[Result "1-0"]
[WhiteElo "2519"]
[BlackElo "1874"]
[Annotator "ChessBase"]
[PlyCount "65"]
[EventDate "2021.12.29"]
[EventType "swiss"]
[EventCountry "POL"]
[Tiebreak "Cut1 Buchholz"]
[SourceTitle "playchess.com"]
[Source "ChessBase"]
[SourceQuality "1"]

1. e4 c5 2. Nf3 d6 3. Bb5+ Bd7 4. Bxd7+ Qxd7 5. O-O Nc6 6. c3 Nf6 7. d4 cxd4 8.
cxd4 e6 9. d5 Ne5 10. dxe6 Nxf3+ 11. Qxf3 fxe6 12. Rd1 Qc6 13. Nc3 Be7 14. Qh3
Kf7 15. Re1 Rhe8 16. Bf4 Bf8 17. e5 dxe5 18. Bxe5 Kg8 19. Rad1 Rad8 20. Rxd8
Rxd8 21. Bxf6 gxf6 22. Rxe6 Qd7 23. Qg4+ Kf7 24. Re4 Qxg4 25. Rxg4 f5 26. Rc4
Bg7 27. g3 Bxc3 28. Rxc3 Rd7 29. Kf1 Kf6 30. Ke2 Ke5 31. Rc5+ Ke6 32. Rc4 Kf6
33. b3 1-0

[Event "FIDE Open World Blitz 2021"]
[Site "Warsaw"]
[Date "2021.12.29"]
[Round "5.33"]
[White "Moroni, Luca Jr"]
[Black "Michalik, Peter"]
[Result "1/2-1/2"]
[WhiteElo "2580"]
[BlackElo "2605"]
[Annotator "ChessBase"]
[PlyCount "122"]
[EventDate "2021.12.29"]
[EventType "swiss"]
[EventCountry "POL"]
[Tiebreak "Cut1 Buchholz"]
[SourceTitle "playchess.com"]
[Source "ChessBase"]
[SourceQuality "1"]

1. d4 Nf6 2. Bf4 d5 3. e3 e6 4. Nf3 Bd6 5. Nbd2 b6 6. Bd3 Ba6 7. Bxa6 Nxa6 8.
c4 O-O 9. Bxd6 cxd6 10. Qa4 Nc7 11. cxd5 Ncxd5 12. O-O Qe8 13. Qxe8 Rfxe8 14.
Rfc1 Rec8 15. a3 Kf8 16. Kf1 Ke7 17. Ke2 Kd7 18. Kd3 h6 19. h3 b5 20. g3 Nb6
21. b3 a5 22. e4 a4 23. b4 Ke7 24. e5 Ne8 25. exd6+ Nxd6 26. Rc5 Nd7 27. Rcc1
f6 28. Nh4 g5 29. Ng2 Nb6 30. Ne3 f5 31. Rc5 Nd7 32. Rcc1 Ne8 33. d5 Nd6 34.
dxe6 Ne5+ 35. Ke2 Kxe6 36. f4 gxf4 37. gxf4 Nc6 38. Nf3 Ne4 39. Rxc6+ Rxc6 40.
Nd4+ Kd7 41. Nxc6 Kxc6 42. Rc1+ Kd7 43. Nxf5 Rf8 44. Ke3 Re8 45. Ng7 Re7 46.
Nf5 Re8 47. Kd4 Nf2 48. Rg1 Nxh3 49. Rg6 h5 50. Rh6 Nxf4 51. Rh7+ Kc6 52. Ne7+
Kb6 53. Rh6+ Kc7 54. Nd5+ Nxd5 55. Kxd5 Re3 56. Rxh5 Rxa3 57. Kc5 Ra1 58. Rh7+
Kd8 59. Kxb5 a3 60. Ra7 a2 61. Kb6 Rb1 1/2-1/2

[Event "FIDE Open World Blitz 2021"]
[Site "Warsaw"]
[Date "2021.12.29"]
[Round "5.33"]
[White "Baum, Jonasz"]
[Black "Kolosowski, Mateusz"]
[Result "0-1"]
[WhiteElo "2157"]
[BlackElo "2444"]
[Annotator "NA"]
[PlyCount "94"]
[EventDate "2021.12.29"]
[EventType "swiss"]
[EventCountry "POL"]
[Tiebreak "Cut1 Buchholz"]
[SourceTitle "playchess.com"]
[Source "ChessBase"]
[SourceQuality "1"]

1. d4 Nf6 2. c4 g6 3. Nc3 d5 4. Bg5 Ne4 5. Bh4 Nxc3 6. bxc3 dxc4 7. e3 Be6 8.
Be2 c6 9. Nh3 Bh6 10. Bg5 Bxh3 11. Bxh6 Bxg2 12. Rg1 Bd5 13. f3 Qa5 14. e4 Be6
15. d5 cxd5 16. Rb1 Qxc3+ 17. Kf2 Qe5 18. f4 Qxe4 19. Bf3 Qf5 20. Rxb7 Nc6 21.
Qa4 Rc8 22. Re1 Qh3 23. Bg7 Qxh2+ 24. Ke3 d4+ 25. Bxd4 O-O 26. Bxc6 Rfd8 27.
Bd7 Qg3+ 28. Kd2 Qd3+ 29. Kc1 Qxd4 30. Rd1 Qc3+ 31. Kb1 Bxd7 32. Rdxd7 Qe1+ 33.
Kc2 Qe2+ 34. Kc1 Qe3+ 35. Kc2 Qe4+ 36. Kc1 Rxd7 37. Qxd7 Qe3+ 38. Kc2 Qe2+ 39.
Kc1 Rf8 40. Rc7 Qf1+ 41. Kc2 Qf2+ 42. Kc3 Qxf4 43. Qxe7 Qc1+ 44. Kd4 Qd2+ 45.
Kc5 Qxa2 46. Qf6 Qa3+ 47. Kc6 Qa6+ 0-1

[Event "FIDE Open World Blitz 2021"]
[Site "Warsaw"]
[Date "2021.12.29"]
[Round "5.34"]
[White "Saraci, Nderim"]
[Black "Petrosian, Tigran L."]
[Result "0-1"]
[WhiteElo "2486"]
[BlackElo "2602"]
[Annotator "ChessBase"]
[PlyCount "62"]
[EventDate "2021.12.29"]
[EventType "swiss"]
[EventCountry "POL"]
[Tiebreak "Cut1 Buchholz"]
[SourceTitle "playchess.com"]
[Source "ChessBase"]
[SourceQuality "1"]

1. d4 d6 2. Nf3 Bg4 3. e4 e6 4. Be2 Be7 5. O-O Nd7 6. c4 e5 7. Nc3 Ngf6 8. Be3
c6 9. h3 Bh5 10. Qc2 O-O 11. Rfd1 Qc7 12. Rac1 Rfe8 13. b4 exd4 14. Nxd4 Bg6
15. Bf4 Bf8 16. Bd3 Ne5 17. Bf1 Ned7 18. f3 Qb6 19. a3 a5 20. Na4 Qa7 21. b5 d5
22. bxc6 bxc6 23. c5 dxe4 24. Qf2 exf3 25. Qxf3 Be4 26. Qf2 Qb7 27. Nf3 Nd5 28.
Bd6 Qb3 29. Rd4 Qxa3 30. Qb2 Qe3+ 31. Qf2 Qxc1 0-1

[Event "FIDE Open World Blitz 2021"]
[Site "Warsaw"]
[Date "2021.12.29"]
[Round "5.34"]
[White "Sadzikowski, Daniel"]
[Black "Gdanski, Jacek"]
[Result "1/2-1/2"]
[WhiteElo "2415"]
[BlackElo "2367"]
[Annotator "NA"]
[PlyCount "159"]
[EventDate "2021.12.29"]
[EventType "swiss"]
[EventCountry "POL"]
[Tiebreak "Cut1 Buchholz"]
[SourceTitle "playchess.com"]
[Source "ChessBase"]
[SourceQuality "1"]

1. Nf3 g6 2. e4 Bg7 3. d4 d6 4. Be2 Nf6 5. Nc3 O-O 6. O-O c5 7. d5 e6 8. h3
exd5 9. exd5 Re8 10. Bf4 Ne4 11. Nxe4 Rxe4 12. Bc1 Nd7 13. c3 Nf6 14. Bd3 Re8
15. c4 b5 16. cxb5 Nxd5 17. Bxg6 hxg6 18. Qxd5 Be6 19. Qd3 Bf5 20. Qb3 d5 21.
Bg5 Qd7 22. Rac1 c4 23. Qb4 a6 24. b6 a5 25. Qa3 Qb5 26. b3 c3 27. Be3 Rxe3 28.
fxe3 Qxb6 29. Nd4 Bxd4 30. exd4 Qxd4+ 31. Kh1 Qb4 32. Qxb4 axb4 33. Rfd1 Be4
34. Rd4 Rxa2 35. Rxb4 c2 36. Rxe4 dxe4 37. Kg1 f5 38. Kf2 f4 39. Ke2 Rb2 40.
Kd2 Rxb3 41. Rxc2 Rg3 42. Ke1 Kf7 43. Kf2 Ra3 44. Rc6 Ra2+ 45. Kf1 g5 46. Rb6
Rd2 47. Ra6 e3 48. Rc6 Rf2+ 49. Kg1 Ra2 50. Kf1 Ke7 51. Rg6 Ra5 52. Ke2 Kf7 53.
Rb6 Ra2+ 54. Kf1 Rd2 55. Ra6 Rd5 56. Ke2 Re5 57. Rb6 Re6 58. Rb8 Rd6 59. Rb2
Kf6 60. Ra2 Ke5 61. Rb2 Ke4 62. Ra2 Rd4 63. Rb2 Rc4 64. Ra2 Rb4 65. Rc2 Kd4 66.
Ra2 Kc3 67. Ra5 Rb2+ 68. Kf1 Kd3 69. Rd5+ Ke4 70. Rxg5 Rf2+ 71. Ke1 Ra2 72. Rg8
Kd4 73. Rd8+ Ke4 74. Re8+ Kf5 75. Rf8+ Kg5 76. Rg8+ Kf5 77. Rf8+ Ke4 78. Re8+
Kd3 79. Rd8+ Ke4 80. Re8+ 1/2-1/2

[Event "FIDE Open World Blitz 2021"]
[Site "Warsaw"]
[Date "2021.12.29"]
[Round "5.35"]
[White "Efimenko, Zahar"]
[Black "Teclaf, Pawel"]
[Result "0-1"]
[WhiteElo "2601"]
[BlackElo "2543"]
[Annotator "ChessBase"]
[PlyCount "63"]
[EventDate "2021.12.29"]
[EventType "swiss"]
[EventCountry "POL"]
[Tiebreak "Cut1 Buchholz"]
[SourceTitle "playchess.com"]
[Source "ChessBase"]
[SourceQuality "1"]

1. Nf3 Nf6 2. g3 b6 3. Bg2 Bb7 4. O-O g6 5. d4 Bg7 6. c4 O-O 7. d5 e6 8. Nc3
exd5 9. cxd5 Re8 10. Bf4 Na6 11. Rc1 d6 12. Nd4 Nh5 13. Be3 Rxe3 14. fxe3 Bh6
15. Nc2 Nc5 16. Kh1 Nf6 17. Qd4 Ncd7 18. Qh4 Bg7 19. Rf2 Ne5 20. Rcf1 Nfg4 21.
Qxd8+ Rxd8 22. Rf4 a5 23. h3 Nh6 24. g4 f5 25. g5 Nhf7 26. e4 fxe4 27. Nxe4 h6
28. Nf6+ Kh8 29. gxh6 Bxh6 30. R4f2 Ba6 31. b3 Bg5 32. Ne4 0-1

[Event "FIDE Open World Blitz 2021"]
[Site "Warsaw"]
[Date "2021.12.29"]
[Round "5.35"]
[White "Nasuta, Grzegorz"]
[Black "Gluszko, Tomasz"]
[Result "1-0"]
[WhiteElo "2377"]
[BlackElo "2086"]
[Annotator "NA"]
[PlyCount "131"]
[EventDate "2021.12.29"]
[EventType "swiss"]
[EventCountry "POL"]
[Tiebreak "Cut1 Buchholz"]
[SourceTitle "playchess.com"]
[Source "ChessBase"]
[SourceQuality "1"]

1. e4 c5 2. Nf3 e6 3. g3 Nc6 4. Bg2 d5 5. exd5 exd5 6. d4 Nf6 7. O-O cxd4 8.
Nxd4 Be7 9. Nc3 O-O 10. h3 Re8 11. Be3 Ne5 12. b3 Bb4 13. Nce2 Ne4 14. c4 Nf6
15. Nc2 Bf8 16. cxd5 Bf5 17. Nf4 Qa5 18. Nd4 Bg6 19. Qd2 Qa6 20. Rfd1 Rad8 21.
Qe2 Qa5 22. Qb5 Qxb5 23. Nxb5 a6 24. Nc3 b5 25. Nce2 Ba3 26. Nd4 Bb2 27. Nc6
Nxc6 28. dxc6 Bxa1 29. Rxa1 Be4 30. Rc1 Rc8 31. Bd4 Bxg2 32. Kxg2 Ne4 33. Nd5
Red8 34. Ne7+ Kf8 35. Nxc8 Rxc8 36. Kf3 f5 37. Be5 Kf7 38. c7 g5 39. Ke3 Ke6
40. Kd4 Nd2 41. Bg7 Kd6 42. Be5+ Kd7 43. Rc6 Ke7 44. Rxa6 Nf3+ 45. Kd5 Nxe5 46.
Kxe5 Rxc7 47. Kxf5 Rc2 48. f4 gxf4 49. gxf4 Rh2 50. Kg4 Rg2+ 51. Kf3 Rh2 52.
Kg3 Rc2 53. h4 Kf7 54. Kg4 Rc5 55. h5 Rc2 56. Kf5 Rh2 57. Ra7+ Ke8 58. Rxh7
Rxa2 59. Rb7 Rh2 60. Kg4 Rg2+ 61. Kh3 Rf2 62. h6 Rf1 63. h7 Rh1+ 64. Kg2 Rh4
65. Rb8+ Kf7 66. h8=Q 1-0

[Event "FIDE Open World Blitz 2021"]
[Site "Warsaw"]
[Date "2021.12.29"]
[Round "5.36"]
[White "Dragnev, Valentin"]
[Black "Blanco Acevedo, Cristobal Jose"]
[Result "1-0"]
[WhiteElo "2396"]
[BlackElo "2350"]
[Annotator "NA"]
[PlyCount "166"]
[EventDate "2021.12.29"]
[EventType "swiss"]
[EventCountry "POL"]
[Tiebreak "Cut1 Buchholz"]
[SourceTitle "playchess.com"]
[Source "ChessBase"]
[SourceQuality "1"]

1. e4 c5 2. Nf3 Nc6 3. Bb5 e6 4. O-O Nge7 5. Re1 h6 6. c3 a6 7. Bf1 d5 8. exd5
Nxd5 9. d3 Be7 10. g3 O-O 11. Bg2 b6 12. Nbd2 Bb7 13. Nc4 Bf6 14. Qc2 Qc7 15.
Bd2 Rac8 16. Rad1 Rfd8 17. h4 Rd7 18. Nh2 b5 19. Ne3 Nxe3 20. Bxe3 Na5 21. Ng4
Be7 22. Qe2 Bxg2 23. Kxg2 Qb7+ 24. Kg1 Rcd8 25. Rd2 Nc6 26. h5 Rd5 27. Red1 Ne5
28. Nxe5 Rxe5 29. Qg4 Bg5 30. Bxg5 Rxg5 31. Qe2 Qd5 32. c4 Qf5 33. cxb5 Rxh5
34. bxa6 Qh3 35. Qf3 Qh2+ 36. Kf1 Rhd5 37. a3 Ra8 38. d4 c4 39. Rc2 Rxa6 40.
Rxc4 Raa5 41. Rc8+ Kh7 42. Rc3 Rf5 43. Qg2 Qxg2+ 44. Kxg2 Rfb5 45. b4 Ra4 46.
Rdd3 Rb6 47. d5 exd5 48. Rxd5 Rba6 49. Rdd3 Kg6 50. Kf3 Kf5 51. Re3 f6 52. g4+
Kg6 53. Kf4 Rd6 54. Re4 Rd2 55. f3 Ra2 56. Ree3 Kf7 57. Rb3 Rg2 58. Re4 Ra2 59.
Ree3 g6 60. Rec3 Ke6 61. Kg3 h5 62. b5 h4+ 63. Kxh4 Ra8 64. Kg3 f5 65. gxf5+
gxf5 66. b6 Ke5 67. f4+ Kd4 68. Rd3+ Ke4 69. Re3+ Kd4 70. Red3+ Ke4 71. Re3+
Kd4 72. b7 Rg8+ 73. Kf3 Rh8 74. Red3+ Kc5 75. Rbc3+ Kb6 76. Rb3+ Ka7 77. Ke3
Rh3+ 78. Kd4 Rxd3+ 79. Kxd3 Kb8 80. Kd4 Re2 81. Kd5 Re4 82. Rb4 Re3 83. a4 Rd3+
1-0

[Event "FIDE Open World Blitz 2021"]
[Site "Warsaw"]
[Date "2021.12.29"]
[Round "5.36"]
[White "Faizrakhmanov, Ramil"]
[Black "Durarbayli, Vasif"]
[Result "1-0"]
[WhiteElo "2396"]
[BlackElo "2599"]
[Annotator "ChessBase"]
[PlyCount "121"]
[EventDate "2021.12.29"]
[EventType "swiss"]
[EventCountry "POL"]
[Tiebreak "Cut1 Buchholz"]
[SourceTitle "playchess.com"]
[Source "ChessBase"]
[SourceQuality "1"]

1. d4 Nf6 2. c4 e6 3. Nf3 b6 4. g3 Bb7 5. Bg2 Bb4+ 6. Bd2 Bxd2+ 7. Qxd2 O-O 8.
Nc3 Ne4 9. Qd3 Nxc3 10. Ng5 Ne4 11. Bxe4 Bxe4 12. Nxe4 Nc6 13. O-O d5 14. cxd5
Qxd5 15. Rfd1 Rfd8 16. Nc3 Qxd4 17. Qb5 Qc5 18. Qxc5 bxc5 19. Ne4 c4 20. Rac1
Na5 21. Kf1 Kf8 22. Ke1 Rd5 23. Nc3 Rxd1+ 24. Nxd1 Rb8 25. Rc2 Ke7 26. Ne3 Kd6
27. Kd2 c5 28. Kc1 Rb4 29. a3 Ra4 30. Kd2 Kc6 31. Kc3 Nb3 32. Nxc4 Nd4 33. Rd2
Nb5+ 34. Kb3 Ra6 35. e3 f6 36. a4 Nc7 37. Rd6+ Kb7 38. Rd7 g5 39. Rxh7 Kc6 40.
h4 gxh4 41. gxh4 Nd5 42. h5 Nb6 43. Nxb6 axb6 44. h6 Ra8 45. Rf7 f5 46. h7 Kd5
47. Rg7 Rh8 48. Kc3 Ke4 49. Kd2 Kf3 50. Ke1 e5 51. Re7 f4 52. Rxe5 Rxh7 53. Rf5
Rh1+ 54. Kd2 Kxf2 55. Rxf4+ Kg3 56. Rf6 Rh4 57. b3 Rb4 58. Kc3 Kg4 59. Rf4+
Rxf4 60. exf4 Kxf4 61. Kc4 1-0

[Event "FIDE Open World Blitz 2021"]
[Site "Warsaw"]
[Date "2021.12.29"]
[Round "5.37"]
[White "Christiansen, Johan-Sebastian"]
[Black "Kosakowski, Jakub"]
[Result "0-1"]
[WhiteElo "2593"]
[BlackElo "2340"]
[Annotator "ChessBase"]
[PlyCount "70"]
[EventDate "2021.12.29"]
[EventType "swiss"]
[EventCountry "POL"]
[Tiebreak "Cut1 Buchholz"]
[SourceTitle "playchess.com"]
[Source "ChessBase"]
[SourceQuality "1"]

1. e4 c5 2. c3 d5 3. exd5 Qxd5 4. d4 Nf6 5. Nf3 e6 6. Na3 cxd4 7. Nb5 Qd8 8.
Nbxd4 a6 9. Bd3 Bd6 10. O-O O-O 11. Qc2 h6 12. a4 b6 13. Re1 Qc7 14. h3 Bb7 15.
Bd2 Nbd7 16. Rad1 Nc5 17. Bf1 Rfd8 18. b3 Nce4 19. Be2 Rac8 20. c4 Nxd2 21.
Qxd2 Bc5 22. Qb2 Qf4 23. Nc2 Ne4 24. Rf1 Rxd1 25. Bxd1 Rd8 26. Qa1 Nd2 27. Re1
Nxf3+ 28. Bxf3 Bxf3 29. gxf3 Qg3+ 30. Kh1 Qxh3+ 31. Kg1 Qg3+ 32. Kh1 Qxf3+ 33.
Kh2 Qxf2+ 34. Kh1 Qf3+ 35. Kh2 Rd2+ 0-1

[Event "FIDE Open World Blitz 2021"]
[Site "Warsaw"]
[Date "2021.12.29"]
[Round "5.37"]
[White "Petrovskyi, Vadym"]
[Black "Sallam, Sabri Abdul-Mawla"]
[Result "1-0"]
[WhiteElo "2377"]
[BlackElo "2194"]
[Annotator "NA"]
[PlyCount "75"]
[EventDate "2021.12.29"]
[EventType "swiss"]
[EventCountry "POL"]
[Tiebreak "Cut1 Buchholz"]
[SourceTitle "playchess.com"]
[Source "ChessBase"]
[SourceQuality "1"]

1. e4 c5 2. Nf3 a6 3. c4 g6 4. d4 cxd4 5. Nxd4 Bg7 6. Nc3 Nc6 7. Be3 d6 8. Be2
Nf6 9. O-O O-O 10. Re1 Bd7 11. f3 Rc8 12. Rc1 h6 13. b3 Kh7 14. Qd2 Ng8 15. Nd5
f5 16. exf5 gxf5 17. Red1 Ne5 18. h3 Nf6 19. Nc3 Qe8 20. f4 Nc6 21. Bf3 e5 22.
Nxc6 Bxc6 23. Bxc6 Rxc6 24. Re1 e4 25. Rcd1 Qf7 26. Ne2 d5 27. Nd4 dxc4 28.
Nxc6 bxc6 29. bxc4 Qxc4 30. Rc1 Qa4 31. Red1 Nd5 32. Bd4 Bxd4+ 33. Qxd4 Qxd4+
34. Rxd4 Nxf4 35. Rd7+ Kg6 36. Rxc6+ Kg5 37. Rg7+ Kh5 38. Kh2 1-0

[Event "FIDE Open World Blitz 2021"]
[Site "Warsaw"]
[Date "2021.12.29"]
[Round "5.38"]
[White "Firouzja, Alireza"]
[Black "Theodorou, Nikolas"]
[Result "1-0"]
[WhiteElo "2770"]
[BlackElo "2351"]
[Annotator "ChessBase"]
[PlyCount "91"]
[EventDate "2021.12.29"]
[EventType "swiss"]
[EventCountry "POL"]
[Tiebreak "Cut1 Buchholz"]
[SourceTitle "playchess.com"]
[Source "ChessBase"]
[SourceQuality "1"]

1. e4 e5 2. Nf3 Nc6 3. Bb5 Nge7 4. O-O a6 5. Bc4 Ng6 6. c3 Be7 7. d4 d6 8. Be3
O-O 9. Nbd2 Nh4 10. h3 Nxf3+ 11. Nxf3 Bf6 12. Re1 h6 13. a4 Ne7 14. dxe5 dxe5
15. Bc5 Qe8 16. a5 Bd7 17. Qe2 Bc6 18. Nh2 g6 19. Ng4 Bg7 20. Qf3 Kh7 21. Nf6+
Bxf6 22. Qxf6 Ng8 23. Qh4 Kg7 24. Bxf8+ Qxf8 25. Bd5 Ne7 26. Bxc6 Nxc6 27. b4
Qe8 28. Rad1 Qe6 29. Qg3 Re8 30. Qd3 Qf6 31. Qe3 Nd8 32. Rd7 Ne6 33. Red1 Rf8
34. g3 h5 35. Kg2 h4 36. Qf3 Qg5 37. Qg4 Qf6 38. R1d3 hxg3 39. fxg3 g5 40. Rf3
Qg6 41. Qf5 Qxf5 42. exf5 Nd8 43. Rxc7 Kf6 44. g4 e4 45. Re3 Re8 46. Rc4 1-0

[Event "FIDE Open World Blitz 2021"]
[Site "Warsaw"]
[Date "2021.12.29"]
[Round "5.39"]
[White "Demchenko, Anton"]
[Black "Caruana, Fabiano"]
[Result "1/2-1/2"]
[WhiteElo "2655"]
[BlackElo "2791"]
[Annotator "TA"]
[PlyCount "115"]
[EventDate "2021.12.29"]
[EventType "swiss"]
[EventCountry "POL"]
[Tiebreak "Cut1 Buchholz"]
[SourceTitle "playchess.com"]
[Source "ChessBase"]
[SourceQuality "1"]

1. e4 c5 2. Nf3 e6 3. g3 Nc6 4. Bg2 Nf6 5. Qe2 e5 6. O-O Be7 7. d3 O-O 8. Bg5
d6 9. Nc3 Be6 10. Bxf6 Bxf6 11. Nd2 g6 12. Nc4 Bg7 13. Ne3 Rb8 14. a4 Kh8 15.
Kh1 Qd7 16. Ncd5 f5 17. exf5 gxf5 18. f4 Rbe8 19. Qh5 Bf7 20. Qh3 Bg6 21. c3
exf4 22. Nxf4 Ne7 23. Nxg6+ Nxg6 24. Nxf5 Ne5 25. Rad1 Rf6 26. d4 cxd4 27. Nxd4
Qxh3 28. Bxh3 Nc4 29. Rxf6 Bxf6 30. b3 Ne3 31. Re1 Re7 32. Nb5 d5 33. Nd4 a5
34. Re2 h5 35. Bc8 b6 36. Ba6 Bxd4 37. cxd4 Kg7 38. Kg1 Kf6 39. h3 Nf5 40. Rxe7
Kxe7 41. Be2 Nxg3 42. Bf3 Kd6 43. Kf2 h4 44. Ke3 Nf5+ 45. Kd3 Ne7 46. Ke3 Nf5+
47. Kd3 Ng7 48. Ke3 Ne6 49. Bg4 Ng5 50. Bf5 Ke7 51. Kf4 Kf6 52. Bg4 Ne4 53. Ke3
Ng3 54. Bf3 Ke6 55. Bg4+ Kf6 56. Bf3 Ke6 57. Bg4+ Kf6 58. Bf3 1/2-1/2

[Event "FIDE Open World Blitz 2021"]
[Site "Warsaw"]
[Date "2021.12.29"]
[Round "5.40"]
[White "Najer, Evgeniy"]
[Black "Ghaem Maghami, Ehsan"]
[Result "1-0"]
[WhiteElo "2654"]
[BlackElo "2520"]
[Annotator "ChessBase"]
[PlyCount "62"]
[EventDate "2021.12.29"]
[EventType "swiss"]
[EventCountry "POL"]
[Tiebreak "Cut1 Buchholz"]
[SourceTitle "playchess.com"]
[Source "ChessBase"]
[SourceQuality "1"]

1. e4 c6 2. d4 d5 3. e5 Bf5 4. Nf3 e6 5. Be2 Nd7 6. O-O Rc8 7. c3 h6 8. a4 Ne7
9. a5 a6 10. b4 g5 11. Nbd2 Bg7 12. Nb3 f6 13. exf6 Bxf6 14. Bd3 O-O 15. Re1
Qe8 16. Bxf5 Nxf5 17. h3 Qf7 18. Nc5 Nxc5 19. bxc5 Rce8 20. Ra2 Ne7 21. h4 Ng6
22. hxg5 hxg5 23. Bxg5 Bg7 24. Rae2 Qf5 25. Qb1 Qxb1 26. Rxb1 e5 27. Rxb7 e4
28. Nh4 Nxh4 29. Bxh4 Bh6 30. Rb6 Re6 31. Rxa6 Bc1 1-0